000 00309nam a22001337a 4500
003 OSt
008 250219b |||||||| |||| 00| 0 eng d
041 _aeng
100 _aRobert Cowart
_97182
245 _aMastering Windows 95
250 _a1st
260 _aNew Delhi:
_bBPB Publication,
_c1995.
942 _cBK
999 _c19409
_d19409